Deterrence by diplomacy (Registro nro. 89921)
[ vista simple ]
| 000 -ENCABEZADO | |
|---|---|
| Número de control [NR] | 00922nam a22002417a 4500 |
| 008 - DE LONGITUD FIJA DE DATOS DE ELEMENTOS - INFORMACIÓN GENERAL | |
| Elementos de longitud fija [NR] | 130821s2005 xxua gr eng |
| 020 ## - NUMERO INTERNACIONAL NORMALIZADO PARA LIBROS [R] | |
| Número Internacional Normalizado del libro [NR] | 0691116997 |
| 020 ## - NUMERO INTERNACIONAL NORMALIZADO PARA LIBROS [R] | |
| Número Internacional Normalizado del libro [NR] | 9780691116990 |
| 040 ## - FUENTE DE CATALOGACION [NR] | |
| Agencia de catalogación original [NR] | Co-BoUCM |
| Idioma de catalogación [NR] | spa |
| 041 00 - CODIGO DE IDIOMA [R] | |
| Código de idioma para texto/pista de sonido o título separado [R] | Inglés |
| 100 1# - ASIENTO PRINCIPAL--NOMBRE PERSONAL [NR] | |
| Nombre personal [NR] | Sartori, Anne E. |
| Fechas asociadas con el nombre [NR] | 1966- |
| ID Autoridad | 171375 |
| 245 10 - MENCION DE TITULO [NR] | |
| Título [NR] | Deterrence by diplomacy |
| Mención de responsabilidad, etc. [NR] | Anne E. Sartori. |
| 260 ## - PUBLICACION, DISTRIBUCION, ETC. (PIE DE IMPRENTA) [R] | |
| Lugar de publicación, distribución, etc. [R] | Princeton (Nueva Jersey, Estados Unidos) |
| Nombre del editor, distribuidor, etc. [R] | Princeton University Press |
| Fecha de publicación, distribución, etc. [R] | c2005 |
| 300 ## - DESCRIPCION FISICA [R] | |
| Extensión [R] | x, 164 páginas |
| Otros detalles físicos [NR] | ilustraciones |
| 504 ## - NOTA DE BIBLIOGRAFIA, ETC. [R] | |
| Nota de bibliografía, etc. [NR] | |
| 650 04 - ASIENTO SECUNDARIO DE MATERIA - TERMINO TEMATICO [R] | |
| Término temático o nombre geográfico como elemento de entrada [NR] | Ciencia política |
| 9 (RLIN) | 340 |
| 650 04 - ASIENTO SECUNDARIO DE MATERIA - TERMINO TEMATICO [R] | |
| Término temático o nombre geográfico como elemento de entrada [NR] | Deterrence (Estrategia) |
| 9 (RLIN) | 13110 |
| 650 04 - ASIENTO SECUNDARIO DE MATERIA - TERMINO TEMATICO [R] | |
| Término temático o nombre geográfico como elemento de entrada [NR] | Diplomacia |
| 9 (RLIN) | 13310 |
| 856 41 - LOCALIZACION Y ACCESO ELECTRONICOS [R] | |
| Especificación de los materiales [NR] | Contenido |
| Identificador Uniforme del Recurso (“URI”) [R] | <a href="http://www.loc.gov/catdir/enhancements/fy0654/2004058694-t.html">http://www.loc.gov/catdir/enhancements/fy0654/2004058694-t.html</a> |
| 856 42 - LOCALIZACION Y ACCESO ELECTRONICOS [R] | |
| Especificación de los materiales [NR] | Publicador |
| Identificador Uniforme del Recurso (“URI”) [R] | <a href="http://www.loc.gov/catdir/enhancements/fy0654/2004058694-d.html">http://www.loc.gov/catdir/enhancements/fy0654/2004058694-d.html</a> |
| 942 ## - ELEMENTOS DE ENTRADA AGREGADOS (KOHA) | |
| Tipo de ítem principal el descrito en 300a | Libro |
| Tema principal | Ciencia política |
| Edición | 1 |
| Parte restante de la signatura top. | S251d |
| Sistema de clasificación | DEWEY |
| Clasificación | 327.2 |
| Fecha de último préstamo | Total préstamos | Total Renewals | Signatura topográfica | Código de barras | Última vez visto | Ejemplar | Price effective from | Tipo de ítem | Perdido | Sistema de clasificación | Dañado | No prestable | Tipo de ítem específico | Suprimido | Ubicación habitual | Ubicación actual | Localización | Fecha de creación | Forma de adquisición | Costo |
|---|---|---|---|---|---|---|---|---|---|---|---|---|---|---|---|---|---|---|---|---|
| 26/04/2017 | 8 | 1 | 327.2 S251d | 100085384 | 06/06/2024 | Ej.1 | 03/02/2013 | Libro | DEWEY | Libro | Bodega | Bodega | 3er piso | 30/09/2007 | Compra | 30.88 |